Portugal national soccer team ( current squad ) - Statistics

General Stats
  • This quiz has been taken 110 times
  • The average score is 16 of 36
Answer Stats
Position Club Answer % Correct
Forward Juventus Cristiano Ronaldo
95%
Midfielder Manchester City Bernardo Silva
80%
Midfielder Manchester United Bruno Fernandes
77%
Goalkeeper Wolverhampton Wanderers Rui Patricio
77%
Forward Atletico Madrid Joao Felix
75%
Defender Benfica Ruben Dias
72%
Defender Manchester City Joao Cancelo
68%
Defender Porto Pepe
67%
Midfielder Wolverhampton Wanderers Ruben Neves
66%
Midfielder Wolverhampton Wanderers Joao Moutinho
61%
Defender Barcelona Nelson Semedo
58%
Forward Eintracht Frankfurt Andre Silva
51%
Forward Wolverhampton Wanderers Diogo Jota
51%
Midfielder Everton Andre Gomes
49%
Defender Lille Jose Fonte
49%
Goalkeeper Olympiacos Jose Sa
49%
Defender Borussia Dortmund Raphael Guerreiro
49%
Midfielder Betis William Carvalho
45%
Defender Napoli Mario Rui
42%
Midfielder Lille Renato Sanches
42%
Defender Leicester City Ricardo Pereira
42%
Forward Valencia Goncalo Guedes
41%
Forward Lokomotiv Moscow Eder
39%
Midfielder Lokomotiv Moscow Joao Mario
34%
Defender Olympiacos Ruben Semedo
33%
Midfielder Benfica Pizzi
32%
Midfielder Porto Danilo Pereira
31%
Goalkeeper Goztepe Beto
30%
Forward Wolverhampton Wanderers Daniel Podence
28%
Midfielder Benfica Rafa Silva
27%
Forward PSV Bruma
20%
Forward Eintracht Frankfurt Goncalo Paciencia
19%
Defender Granada Domingos Duarte
15%
Defender Sevilla Daniel Carrico
14%
Defender Benfica Ferro
13%
Forward Benfica Dyego Sousa
4%
No matching quizzes found
Score Distribution
Percent of People with Each Score
Percentile by Number Answered
Your Score History
You have not taken this quiz